00739nam a2200241Ia 4500003000900000008004100009040001300050040001300063041000800076100001900084245004100103250001200144260001200156260000900168300001100177300001000188490003500198490000600233600003400239942000700273999001700280952020000297IT-RoPAU120407s9999 xx 000 0 und d aIT-RoPAU cIT-RoPAU aita aKarles Prùmm aIl messaggio della lettera ai Romani aBrescia aPaideia c1964 a204 p. c21 cm aBibliotca di cultura religiosa v1 a1. Bibbia N.T. Romani -studio cBK c28510d28510 00102ddc406208_12100000000000071aPAULUSbPAULUSd2012-04-11l0o208.121r2012-04-11 00:00:00w2012-04-11yBKzInserito da: Mario In data: 19 settembre 2011 fondo: Via A.Severo 56 Progr:13192